000 00664nam a22002297a 4500
003 UA-OsUOA
001 30184
007 ta
008 20041105b un ||||| |||| 00| 0 ukr d
090 _a910.4(47+57)
_bР89
942 _cBK
040 _aUA-OsUOA
_brus
_cUA-OsUOA
_dUA-OsUOA
245 _aРусские мореплаватели
_cРед. В. С.Лупач
300 _a672 с.
_bІлюстрації
955 _a0
041 _arus
080 _a910.4(47+57)
260 _aМосква
_bВоенное издательство Министерства обороны Союза СССр
_c1953
044 _aRU
650 7 _2UDC
999 _c316591
_d316591